Responses for show #6256 - Monday, November 28, 2011

Contestants

Patti Clements, an attorney from Audubon, Pennsylvania

Clayton Hanson, a park ranger from Spokane, Washington

Kendra Anspaugh, a community college instructor from New Orleans, Louisiana (whose 1-day cash winnings total $34,300)

Jeopardy! Round responses

THE MIDDLE AGES
GOV. ABBREV.
THE SPOUSE IMMEDIATELY BEFORE
THE LIGHTER "SIDE"
MICHIGAN
GO BLUE!
    $200 11
McDonald's

Kendra
    $200 26
Joint Chiefs of Staff

Kendra
    $200 21
(Alex: Yes, Tom Cruise.)

Nicole Kidman

Kendra
    $200 16
fireside chats

Clayton
    $200 1
Lansing

Kendra
    $200 6
the blue whale

Patti
    $400 12
Roman emperor

Clayton
    $400 27
(Clayton: What is the Drug Enforcement Agency?)

the Drug Enforcement Administration

KendraClayton
    $400 22
Bruce Willis

Kendra
    $400 17
bedside

Kendra
    $400 2
Detroit

Kendra
    $400 7
Blue Cross Blue Shield

Kendra
    $600 13
the North Pole

Patti
    $600 28
the Federal Emergency Management Agency

Clayton
    $600 23
(Clayton: Who is Ivana Trump?)

Marla Maples

KendraClayton
    $600 18
the broad side

Kendra
    $600 3
Ontario

Kendra
    $600 8
Bluetooth

Kendra
    $800 14
Roald Dahl

Kendra
    $800 29
the Government Printing Office

Clayton
    $800 24
(Alex: [*] married to Andre Agassi.)

Brooke Shields

Triple Stumper
    $800 19
roadside assistance

Patti
    $1,200 4
Ann (Arbor)

Kendra
    $800 9
a terrier

Kendra
    $1000 15
(Erwin) Rommel ("the Desert Fox")

Kendra
    $1000 30
the Johnson Space Center

Clayton
    $1000 25
Jane Wyman

Patti
    $1000 20
subside

Triple Stumper
    $1000 5
[Applause for Kendra's run of the category]
(Alex: You ran the category. Well done.)

Holland, Michigan

Kendra
    $1000 10
indigo

Kendra

Scores at the first commercial break (after clue 15):

Kendra Clayton Patti
$8,200 $400 $800

Scores at the end of the Jeopardy! Round:

Kendra Clayton Patti
$11,000 $2,000 $2,600

Double Jeopardy! Round responses

MADAM, I'M ADAM SMITH
A TALE OF ONE CITY
(Alex: We want you to give us the story's primary setting.)
DOCUMENTARIES
NEW MATH
3 CONSECUTIVE LETTERS
(Alex: ...each correct response will have 3 consecutive letters of the alphabet.)
NATIVE AMERICAN FOODS
(Sarah: Ancestral cuisine still served today at the Mitsitam Cafe at the Smithsonian's National Museum of the American Indian.)
    $400 13
The Wealth of Nations

Clayton
    $400 8
Paris

Patti
    $400 2
Grizzly Man

Patti
    $400 26
1944

Patti
    $400 20
the stub

Patti
    $400 1
(Clayton: What is flour?)

a thickener

KendraClayton
    $800 14
Edinburgh

Kendra
    $800 9
New York

Clayton
    $800 4
Enron

Patti
    $800 27
60

Patti
    $800 21
(Patti: What is a smock?)

a labcoat

KendraPatti
    $800 3
squash

Kendra
    $1200 15
a tutor

Patti
    $1200 10
Verona

Kendra
    $1200 5
Morgan Freeman

Patti
    $1200 28
32 (19 and 13)

Kendra
    $1200 22
defect

Patti
    $1200 17
pemmican

Clayton
    $5,000 16
(Patti: What is the brain?)

an invisible hand

Patti
    $1600 11
Los Angeles

Patti
    $1600 6
Banksy

Kendra
    $1,000 29
70

Kendra
    $1600 23
Afghanistan

Triple Stumper
    $1600 18
cedar

Clayton
    $2000 25
division of labor

Patti
    $2000 12
(Patti: What is Moscow?)

St. Petersburg

ClaytonPatti
    $2000 7
Waiting for "Superman"

Kendra
    $2000 30
(Alex: "15 men on a dead man's chest", five books in the Pentateuch...)

3

Triple Stumper
    $2000 24
hijinks

Triple Stumper
    $2000 19
quinoa

Kendra

Scores at the end of the Double Jeopardy! Round:

Kendra Clayton Patti
$22,800 $7,600 $5,200
(lock game)

[wagering suggestions for these scores]

Final Jeopardy! Round responses

16th CENTURY NAMES
PattiWho is Copernicus?
$5,199
ClaytonWho is Copernicus.
$2,801
KendraWho is Copernicus?
$4,200
Nicolaus Copernicus

Final scores:

Kendra Clayton Patti
$27,000 $10,401 $10,399
2-day champion: $61,300 2nd place: $2,000 3rd place: $1,000

Game dynamics:

Coryat scores:

Kendra Clayton Patti
$23,000 $7,600 $10,200
29 R
(including 2 DDs),
0 W
10 R,
3 W
15 R,
3 W
(including 1 DD)

Combined Coryat: $40,800

The J! Archive is created by fans, for fans. The Jeopardy! game show and all elements thereof, including but not limited to copyright and trademark thereto, are the property of Jeopardy Productions, Inc. and are protected under law. This website is not affiliated with, sponsored by, or operated by Jeopardy Productions, Inc. Join the discussion at JBoard.tv.